5-Letter TV Men Quiz Stats

 Plays Quiz Updated Nov 29, 2019

Score 0/18 Timer 04:00
56 Plays Today
Hint Answer % Correct
_____ UrkelSteve
85.9%
_____ KramerCosmo
80.8%
_____ GriffinBrian
79.3%
_____ PinkmanJesse
68.6%
_____ ClavinCliff
68.3%
_____ MaloneKevin
61.3%
_____ JordanTracy
59%
_____ TraegerChris
44.1%
_____ FawltyBasil
42.9%
Hint Answer % Correct
_____ ReynoldsFrank
40.4%
_____ JeffordsTerry
39.3%
_____ SmithMorty
38.8%
_____ MarshRandy
36.2%
_____ CoxPerry
35%
_____ RheeGlenn
26.9%
_____ JarrahSayid
25.4%
_____ MacGyverAngus
21.5%
_____ ChekovPavel
20.5%

You're not logged in!

Compare scores with friends on all Sporcle quizzes.
OR
Log In

Sporcle TV

Today on Sporcle TV


Watch our educational content, quiz creation guides, and fun videos on Sporcle TV.

Show Comments

Extras

Top Quizzes Today


Score Distribution

Your Account Isn't Verified!

In order to create a playlist on Sporcle, you need to verify the email address you used during registration. Go to your Sporcle Settings to finish the process.

Report this User

Report this user for behavior that violates our Community Guidelines.

Details: